study on technique and human resurches in agro-insustry enterprises in cambodia (ការសិក្សាអំពីបច្ចេកទេស និង ធនធានមនុស្សក្នុងសហគ្រាស កសិឧស្សាហកម្ម នៅកម្ពុជា) (Record no. 4202)

000 -LEADER
fixed length control field 00620nam a22001457a 4500
003 - CONTROL NUMBER IDENTIFIER
control field OSt
005 - DATE AND TIME OF LATEST TRANSACTION
control field 20151208095151.0
008 - FIXED-LENGTH DATA ELEMENTS--GENERAL INFORMATION
fixed length control field 151208b xxu||||| |||| 00| 0 eng d
040 ## - CATALOGING SOURCE
Transcribing agency RUA
082 ## - DEWEY DECIMAL CLASSIFICATION NUMBER
Classification number ATM SAN 2004 B193 Or.1
100 ## - MAIN ENTRY--PERSONAL NAME
9 (RLIN) 4507
Personal name SAN, VIBOL.
245 ## - TITLE STATEMENT
Title study on technique and human resurches in agro-insustry enterprises in cambodia (ការសិក្សាអំពីបច្ចេកទេស និង ធនធានមនុស្សក្នុងសហគ្រាស កសិឧស្សាហកម្ម នៅកម្ពុជា)
260 ## - PUBLICATION, DISTRIBUTION, ETC. (IMPRINT)
Place of publication, distribution, etc. Phnom Penh
Name of publisher, distributor, etc. RUA
Date of publication, distribution, etc. 2003
942 ## - ADDED ENTRY ELEMENTS (KOHA)
Source of classification or shelving scheme
Koha item type ATM
Holdings
Price effective from Date last seen Permanent Location Not for loan Date acquired Source of classification or shelving scheme Koha item type Lost status Withdrawn status Total Renewals Date last checked out Total Checkouts Shelving location Damaged status Barcode Current Location Full call number
2015-12-082018-06-20Library Block B 2015-12-08 ATM  12018-05-022B193 RUA039175Library Block BATM SAN 2004 B193 Or.1
2015-12-082019-07-31Library Block B 2015-12-08 ATM   2019-07-233B193 RUA039285Library Block BATM SAN 2004 B193 Or.2
2015-12-082015-12-08Library Block B 2015-12-08 ATM     B193 RUA039239Library Block BATM SAN 2004 B193 Or.3
2015-12-082018-12-01Library Block B 2015-12-08 ATM   2018-10-302B193 RUA038988Library Block BATM SAN 2004 B193 Or.4
2015-12-082015-12-08Library Block B 2015-12-08 ATM     B193 RUA039109Library Block BATM SAN 2004 B193 Or.5
មជ្ឈមណ្ឌលឯការនៃសាកលវិទ្យាល័យភូមិន្ទកសិកម្មចំការដូង

Powered by Koha